[Event "Deutsche Ländermeisterschaft 2023"]
[Site "Hannover GER"]
[Date "2023.10.05"]
[Round "7"]
[White "Nguyen, Alex Dac-Vuong"]
[Black "Albert, Markus"]
[Result "1-0"]
[Termination "normal"]
[Board "2.1"]
[WhiteTitle "FM"]
[WhiteElo "2333"]
[BlackElo "2160"]
[WhiteClock "00:20:43"]
[BlackClock "00:28:02"]
[WhiteTeam "Sachsen"]
[BlackTeam "Bayern"]
[PlyCount "103"]
[WhiteFideId "12984388"]
[BlackFideId "16292626"]
[EventCountry "GER"]
[EventRounds "7"]
[EventType "team-swiss"]
[EventDate "2023.09.30"]

1. d4 {[%clk 01:30:57]} {[%emt 00:00:03]} Nf6 {[%clk 01:30:30]} {[%emt
00:00:30]} 2. c4 {[%clk 01:31:21]} {[%emt 00:00:06]} Nc6 {[%clk 01:29:18]}
{[%emt 00:01:42]} 3. Nf3 {[%clk 01:24:31]} {[%emt 00:07:20]} g6 {[%clk
01:29:26]} {[%emt 00:00:23]} 4. d5 {[%clk 01:23:51]} {[%emt 00:01:09]} Nb8
{[%clk 01:29:29]} {[%emt 00:00:27]} 5. Nc3 {[%clk 01:24:07]} {[%emt 00:00:14]}
Bg7 {[%clk 01:29:05]} {[%emt 00:00:53]} 6. e4 {[%clk 01:24:29]} {[%emt
00:00:09]} d6 {[%clk 01:28:30]} {[%emt 00:01:05]} 7. Be2 {[%clk 01:22:55]}
{[%emt 00:02:05]} O-O {[%clk 01:26:41]} {[%emt 00:02:19]} 8. O-O {[%clk
01:23:13]} {[%emt 00:00:12]} Nbd7 {[%clk 01:26:30]} {[%emt 00:00:41]} 9. Be3
{[%clk 01:18:23]} {[%emt 00:05:21]} Nc5 {[%clk 01:22:58]} {[%emt 00:04:01]} 10.
Qc2 {[%clk 01:08:46]} {[%emt 00:10:06]} a5 {[%clk 01:18:58]} {[%emt 00:04:30]}
11. Rad1 {[%clk 01:05:44]} {[%emt 00:03:32]} Bd7 {[%clk 01:13:56]} {[%emt
00:05:32]} 12. h3 {[%clk 01:03:20]} {[%emt 00:02:55]} Ne8 {[%clk 01:12:22]}
{[%emt 00:02:04]} 13. Nd4 {[%clk 00:59:07]} {[%emt 00:04:43]} e5 {[%clk
01:08:20]} {[%emt 00:04:33]} 14. dxe6 {[%clk 00:59:08]} {[%emt 00:00:29]} fxe6
{[%clk 01:08:07]} {[%emt 00:00:43]} 15. Ndb5 {[%clk 00:50:17]} {[%emt
00:09:21]} Qe7 {[%clk 01:02:12]} {[%emt 00:06:25]} 16. f4 {[%clk 00:49:41]}
{[%emt 00:01:06]} Bc6 {[%clk 00:57:33]} {[%emt 00:05:09]} 17. Bf3 {[%clk
00:35:33]} {[%emt 00:14:37]} Nd7 {[%clk 00:51:59]} {[%emt 00:06:04]} 18. Qd2
{[%clk 00:32:00]} {[%emt 00:04:03]} a4 {[%clk 00:45:29]} {[%emt 00:06:59]} 19.
e5 {[%clk 00:23:40]} {[%emt 00:08:51]} dxe5 {[%clk 00:37:21]} {[%emt 00:08:37]}
20. Bxc6 {[%clk 00:22:23]} {[%emt 00:01:47]} bxc6 {[%clk 00:37:49]} {[%emt
00:00:02]} 21. Nxc7 {[%clk 00:22:33]} {[%emt 00:00:20]} Nxc7 {[%clk 00:34:38]}
{[%emt 00:03:42]} 22. Qxd7 {[%clk 00:22:34]} {[%emt 00:00:28]} Qxd7 {[%clk
00:34:41]} {[%emt 00:00:27]} 23. Rxd7 {[%clk 00:23:02]} {[%emt 00:00:02]} exf4
{[%clk 00:34:51]} {[%emt 00:00:20]} 24. Bxf4 {[%clk 00:20:54]} {[%emt
00:02:38]} Ne8 {[%clk 00:31:39]} {[%emt 00:03:42]} 25. Bd2 {[%clk 00:16:56]}
{[%emt 00:04:28]} Rf5 {[%clk 00:24:22]} {[%emt 00:07:47]} 26. Re1 {[%clk
00:15:17]} {[%emt 00:02:09]} Rf7 {[%clk 00:23:38]} {[%emt 00:01:14]} 27. Rd3
{[%clk 00:15:33]} {[%emt 00:00:13]} Rb7 {[%clk 00:23:22]} {[%emt 00:00:46]} 28.
Bc1 {[%clk 00:11:07]} {[%emt 00:04:56]} Rb4 {[%clk 00:23:19]} {[%emt 00:00:34]}
29. Rxe6 {[%clk 00:10:26]} {[%emt 00:01:11]} Rxc4 {[%clk 00:23:42]} {[%emt
00:00:07]} 30. Re4 {[%clk 00:10:31]} {[%emt 00:00:24]} Rxe4 {[%clk 00:21:46]}
{[%emt 00:02:26]} 31. Nxe4 {[%clk 00:11:00]} {[%emt 00:00:02]} Rb8 {[%clk
00:21:57]} {[%emt 00:00:19]} 32. Nc3 {[%clk 00:06:48]} {[%emt 00:04:42]} Rb4
{[%clk 00:21:39]} {[%emt 00:00:47]} 33. Kf2 {[%clk 00:06:44]} {[%emt 00:00:34]}
Kf7 {[%clk 00:13:38]} {[%emt 00:08:32]} 34. Ke2 {[%clk 00:06:11]} {[%emt
00:01:03]} Ke6 {[%clk 00:13:25]} {[%emt 00:00:42]} 35. Re3+ {[%clk 00:03:56]}
{[%emt 00:02:45]} Kd7 {[%clk 00:13:30]} {[%emt 00:00:25]} 36. Kd1 {[%clk
00:04:19]} {[%emt 00:00:07]} Nc7 {[%clk 00:12:43]} {[%emt 00:01:16]} 37. Rd3+
{[%clk 00:03:37]} {[%emt 00:01:13]} Kc8 {[%clk 00:12:26]} {[%emt 00:00:48]} 38.
Rf3 {[%clk 00:03:40]} {[%emt 00:00:27]} Nb5 {[%clk 00:11:29]} {[%emt 00:01:27]}
39. Nxb5 {[%clk 00:01:04]} {[%emt 00:03:06]} cxb5 {[%clk 00:11:58]} {[%emt
00:00:01]} 40. b3 {[%clk 00:01:06]} {[%emt 00:00:28]} axb3 {[%clk 00:08:40]}
{[%emt 00:03:48]} 41. axb3 {[%clk 00:01:28]} {[%emt 00:00:08]} Rd4+ {[%clk
00:08:34]} {[%emt 00:00:36]} 42. Kc2 {[%clk 00:01:34]} {[%emt 00:00:24]} Re4
{[%clk 00:08:22]} {[%emt 00:00:42]} 43. Rf7 {[%clk 00:00:51]} {[%emt 00:01:12]}
Be5 {[%clk 00:07:14]} {[%emt 00:01:39]} 44. Re7 {[%clk 00:30:03]} {[%emt
00:01:18]} Kd8 {[%clk 00:36:09]} {[%emt 00:01:35]} 45. Bg5 {[%clk 00:29:07]}
{[%emt 00:01:26]} Kc8 {[%clk 00:36:26]} {[%emt 00:00:13]} 46. Bf6 {[%clk
00:23:25]} {[%emt 00:06:12]} Re2+ {[%clk 00:26:49]} {[%emt 00:10:07]} 47. Kd3
{[%clk 00:23:43]} {[%emt 00:00:12]} Rxg2 {[%clk 00:26:40]} {[%emt 00:00:40]}
48. Bxe5 {[%clk 00:22:48]} {[%emt 00:01:24]} h5 {[%clk 00:27:01]} {[%emt
00:00:09]} 49. h4 {[%clk 00:21:02]} {[%emt 00:02:16]} g5 {[%clk 00:27:23]}
{[%emt 00:00:08]} 50. Rc7+ {[%clk 00:21:22]} {[%emt 00:00:10]} Kd8 {[%clk
00:27:47]} {[%emt 00:00:06]} 51. hxg5 {[%clk 00:20:34]} {[%emt 00:01:18]} Rxg5
{[%clk 00:28:02]} {[%emt 00:00:15]} 52. Bf6+ {[%clk 00:20:43]} {[%emt
00:00:21]} 1-0

[Event "Deutsche Ländermeisterschaft 2023"]
[Site "Hannover GER"]
[Date "2023.10.05"]
[Round "7"]
[White "Lohr, Maximilian"]
[Black "Heinrich, John"]
[Result "0-1"]
[Termination "normal"]
[Board "2.2"]
[WhiteElo "2063"]
[BlackElo "2280"]
[WhiteClock "00:09:38"]
[BlackClock "00:24:15"]
[WhiteTeam "Bayern"]
[BlackTeam "Sachsen"]
[PlyCount "62"]
[WhiteFideId "12999717"]
[BlackFideId "16259491"]
[EventCountry "GER"]
[EventRounds "7"]
[EventType "team-swiss"]
[EventDate "2023.09.30"]

1. d4 {[%clk 01:30:49]} {[%emt 00:00:11]} Nf6 {[%clk 01:30:51]} {[%emt
00:00:09]} 2. c4 {[%clk 01:30:50]} {[%emt 00:00:29]} g6 {[%clk 01:30:52]}
{[%emt 00:00:28]} 3. Nc3 {[%clk 01:31:05]} {[%emt 00:00:15]} d5 {[%clk
01:31:18]} {[%emt 00:00:05]} 4. cxd5 {[%clk 01:31:29]} {[%emt 00:00:06]} Nxd5
{[%clk 01:31:41]} {[%emt 00:00:07]} 5. e4 {[%clk 01:31:53]} {[%emt 00:00:05]}
Nxc3 {[%clk 01:32:02]} {[%emt 00:00:09]} 6. bxc3 {[%clk 01:32:19]} {[%emt
00:00:05]} Bg7 {[%clk 01:32:24]} {[%emt 00:00:07]} 7. Bc4 {[%clk 01:32:43]}
{[%emt 00:00:06]} c5 {[%clk 01:32:46]} {[%emt 00:00:08]} 8. Ne2 {[%clk
01:32:50]} {[%emt 00:00:23]} Nc6 {[%clk 01:32:12]} {[%emt 00:01:04]} 9. Be3
{[%clk 01:33:15]} {[%emt 00:00:05]} O-O {[%clk 01:32:17]} {[%emt 00:00:25]} 10.
O-O {[%clk 01:33:37]} {[%emt 00:00:07]} Bd7 {[%clk 01:32:10]} {[%emt 00:00:37]}
11. Rc1 {[%clk 01:28:01]} {[%emt 00:06:07]} Rc8 {[%clk 01:26:49]} {[%emt
00:05:51]} 12. Qd2 {[%clk 01:20:41]} {[%emt 00:07:50]} Qa5 {[%clk 01:21:00]}
{[%emt 00:06:19]} 13. Rfd1 {[%clk 01:16:26]} {[%emt 00:04:45]} Rfd8 {[%clk
01:19:19]} {[%emt 00:02:11]} 14. h4 {[%clk 01:10:08]} {[%emt 00:06:48]} Be8
{[%clk 01:16:12]} {[%emt 00:03:37]} 15. Bd5 {[%clk 01:07:02]} {[%emt 00:03:36]}
e6 {[%clk 01:09:54]} {[%emt 00:06:48]} 16. Bxc6 {[%clk 01:05:18]} {[%emt
00:02:14]} Bxc6 {[%clk 01:09:13]} {[%emt 00:01:10]} 17. Qd3 {[%clk 00:46:55]}
{[%emt 00:18:53]} Bb5 {[%clk 01:08:21]} {[%emt 00:01:22]} 18. c4 {[%clk
00:42:48]} {[%emt 00:04:38]} Ba4 {[%clk 00:57:16]} {[%emt 00:11:35]} 19. Qa3
{[%clk 00:42:23]} {[%emt 00:00:55]} cxd4 {[%clk 00:48:08]} {[%emt 00:09:38]}
20. Bxd4 {[%clk 00:36:14]} {[%emt 00:06:37]} Bf8 {[%clk 00:44:59]} {[%emt
00:03:40]} 21. c5 {[%clk 00:23:01]} {[%emt 00:13:43]} Qa6 {[%clk 00:37:04]}
{[%emt 00:08:25]} 22. Re1 {[%clk 00:19:49]} {[%emt 00:03:42]} Bb5 {[%clk
00:32:23]} {[%emt 00:05:12]} 23. Qe3 {[%clk 00:17:58]} {[%emt 00:02:20]} Bxe2
{[%clk 00:31:53]} {[%emt 00:01:00]} 24. Bb2 {[%clk 00:15:00]} {[%emt 00:03:28]}
Bd3 {[%clk 00:31:47]} {[%emt 00:00:36]} 25. h5 {[%clk 00:12:34]} {[%emt
00:02:56]} e5 {[%clk 00:26:12]} {[%emt 00:06:05]} 26. Bxe5 {[%clk 00:12:35]}
{[%emt 00:00:28]} f6 {[%clk 00:26:19]} {[%emt 00:00:23]} 27. Ba1 {[%clk
00:12:02]} {[%emt 00:01:03]} Qe6 {[%clk 00:25:53]} {[%emt 00:00:56]} 28. hxg6
{[%clk 00:12:03]} {[%emt 00:00:30]} hxg6 {[%clk 00:26:15]} {[%emt 00:00:07]}
29. Qf4 {[%clk 00:10:19]} {[%emt 00:02:14]} Bg7 {[%clk 00:26:08]} {[%emt
00:00:38]} 30. Re3 {[%clk 00:10:03]} {[%emt 00:00:45]} Bb5 {[%clk 00:24:47]}
{[%emt 00:01:51]} 31. Rg3 {[%clk 00:09:38]} {[%emt 00:00:54]} Be8 {[%clk
00:24:15]} {[%emt 00:01:03]} 0-1

[Event "Deutsche Ländermeisterschaft 2023"]
[Site "Hannover GER"]
[Date "2023.10.05"]
[Round "7"]
[White "Lutz, Ruben"]
[Black "Bardorz, Jana"]
[Result "1-0"]
[Termination "normal"]
[Board "2.3"]
[WhiteElo "2218"]
[BlackElo "2073"]
[WhiteClock "00:29:49"]
[BlackClock "00:21:32"]
[WhiteTeam "Sachsen"]
[BlackTeam "Bayern"]
[PlyCount "83"]
[WhiteFideId "12975974"]
[BlackFideId "16208897"]
[EventCountry "GER"]
[EventRounds "7"]
[EventType "team-swiss"]
[EventDate "2023.09.30"]

1. d4 {[%clk 01:30:58]} {[%emt 00:00:01]} d5 {[%clk 01:30:54]} {[%emt
00:00:07]} 2. c4 {[%clk 01:31:22]} {[%emt 00:00:05]} e6 {[%clk 01:31:19]}
{[%emt 00:00:05]} 3. Nc3 {[%clk 01:31:47]} {[%emt 00:00:05]} Nf6 {[%clk
01:31:45]} {[%emt 00:00:05]} 4. cxd5 {[%clk 01:32:11]} {[%emt 00:00:05]} exd5
{[%clk 01:32:07]} {[%emt 00:00:07]} 5. Bg5 {[%clk 01:32:36]} {[%emt 00:00:04]}
Be7 {[%clk 01:32:28]} {[%emt 00:00:09]} 6. e3 {[%clk 01:33:02]} {[%emt
00:00:05]} h6 {[%clk 01:32:25]} {[%emt 00:00:33]} 7. Bh4 {[%clk 01:32:47]}
{[%emt 00:00:45]} O-O {[%clk 01:32:42]} {[%emt 00:00:13]} 8. Bd3 {[%clk
01:33:01]} {[%emt 00:00:15]} Re8 {[%clk 01:32:05]} {[%emt 00:01:07]} 9. Qc2
{[%clk 01:30:24]} {[%emt 00:03:07]} c6 {[%clk 01:32:09]} {[%emt 00:00:26]} 10.
Nf3 {[%clk 01:30:36]} {[%emt 00:00:18]} Ne4 {[%clk 01:29:26]} {[%emt 00:03:14]}
11. Bxe7 {[%clk 01:20:00]} {[%emt 00:11:05]} Qxe7 {[%clk 01:29:48]} {[%emt
00:00:07]} 12. Bxe4 {[%clk 01:20:16]} {[%emt 00:00:15]} dxe4 {[%clk 01:30:08]}
{[%emt 00:00:10]} 13. Nd2 {[%clk 01:20:41]} {[%emt 00:00:05]} Bf5 {[%clk
01:26:39]} {[%emt 00:03:59]} 14. O-O {[%clk 01:20:41]} {[%emt 00:00:29]} Nd7
{[%clk 01:22:43]} {[%emt 00:04:27]} 15. Rfc1 {[%clk 01:00:22]} {[%emt
00:20:49]} Qh4 {[%clk 01:13:52]} {[%emt 00:09:21]} 16. Nf1 {[%clk 00:57:38]}
{[%emt 00:03:13]} Nf6 {[%clk 01:11:09]} {[%emt 00:03:13]} 17. b4 {[%clk
00:54:21]} {[%emt 00:03:46]} Re6 {[%clk 01:05:10]} {[%emt 00:06:30]} 18. Ne2
{[%clk 00:45:45]} {[%emt 00:09:05]} Ng4 {[%clk 00:48:50]} {[%emt 00:16:50]} 19.
Nf4 {[%clk 00:31:58]} {[%emt 00:14:17]} Rd6 {[%clk 00:38:20]} {[%emt 00:11:00]}
20. h3 {[%clk 00:31:02]} {[%emt 00:01:26]} h5 {[%clk 00:31:35]} {[%emt
00:07:15]} 21. hxg4 {[%clk 00:28:03]} {[%emt 00:03:28]} hxg4 {[%clk 00:29:31]}
{[%emt 00:02:34]} 22. Ng3 {[%clk 00:28:24]} {[%emt 00:00:09]} Bh7 {[%clk
00:27:49]} {[%emt 00:02:12]} 23. Qc5 {[%clk 00:21:04]} {[%emt 00:07:50]} Rh6
{[%clk 00:26:30]} {[%emt 00:01:50]} 24. Qe5 {[%clk 00:20:56]} {[%emt 00:00:37]}
g5 {[%clk 00:26:12]} {[%emt 00:00:49]} 25. Nfe2 {[%clk 00:16:11]} {[%emt
00:05:14]} Rd8 {[%clk 00:25:07]} {[%emt 00:01:35]} 26. Rc5 {[%clk 00:15:37]}
{[%emt 00:01:04]} f6 {[%clk 00:25:10]} {[%emt 00:00:28]} 27. Qe7 {[%clk
00:13:57]} {[%emt 00:02:10]} Rf8 {[%clk 00:25:23]} {[%emt 00:00:17]} 28. Qxb7
{[%clk 00:11:39]} {[%emt 00:02:47]} f5 {[%clk 00:25:30]} {[%emt 00:00:24]} 29.
Rxc6 {[%clk 00:08:09]} {[%emt 00:04:00]} Qh2+ {[%clk 00:25:08]} {[%emt
00:00:52]} 30. Kf1 {[%clk 00:08:36]} {[%emt 00:00:03]} f4 {[%clk 00:25:27]}
{[%emt 00:00:11]} 31. Rxh6 {[%clk 00:07:43]} {[%emt 00:01:22]} Qxh6 {[%clk
00:25:51]} {[%emt 00:00:06]} 32. Qd5+ {[%clk 00:06:52]} {[%emt 00:01:21]} Kh8
{[%clk 00:25:59]} {[%emt 00:00:22]} 33. Qe5+ {[%clk 00:06:47]} {[%emt
00:00:34]} Kg8 {[%clk 00:26:13]} {[%emt 00:00:16]} 34. Qd5+ {[%clk 00:05:10]}
{[%emt 00:02:07]} Kh8 {[%clk 00:26:31]} {[%emt 00:00:13]} 35. Qe5+ {[%clk
00:05:36]} {[%emt 00:00:04]} Kg8 {[%clk 00:26:54]} {[%emt 00:00:07]} 36. Kg1
{[%clk 00:02:26]} {[%emt 00:03:39]} fxg3 {[%clk 00:26:01]} {[%emt 00:01:23]}
37. Nxg3 {[%clk 00:02:45]} {[%emt 00:00:11]} Rc8 {[%clk 00:22:59]} {[%emt
00:03:32]} 38. Nxe4 {[%clk 00:01:41]} {[%emt 00:01:35]} Bxe4 {[%clk 00:23:08]}
{[%emt 00:00:20]} 39. Qxe4 {[%clk 00:02:08]} {[%emt 00:00:03]} Qf6 {[%clk
00:22:30]} {[%emt 00:01:09]} 40. Qxg4 {[%clk 00:01:42]} {[%emt 00:00:56]} Rc2
{[%clk 00:22:38]} {[%emt 00:00:22]} 41. Qg3 {[%clk 00:01:13]} {[%emt 00:01:00]}
Kh7 {[%clk 00:21:32]} {[%emt 00:01:35]} 42. Qf3 {[%clk 00:29:49]} {[%emt
00:01:54]} 1-0

[Event "Deutsche Ländermeisterschaft 2023"]
[Site "Hannover GER"]
[Date "2023.10.05"]
[Round "7"]
[White "Stichter, Constantin Paul"]
[Black "Neuhoff, Laertes"]
[Result "1/2-1/2"]
[Termination "normal"]
[Board "2.4"]
[WhiteElo "1945"]
[BlackElo "1993"]
[WhiteClock "00:14:58"]
[BlackClock "00:48:08"]
[WhiteTeam "Bayern"]
[BlackTeam "Sachsen"]
[PlyCount "57"]
[WhiteFideId "34603140"]
[BlackFideId "16279719"]
[EventCountry "GER"]
[EventRounds "7"]
[EventType "team-swiss"]
[EventDate "2023.09.30"]

1. e4 {[%clk 01:30:53]} {[%emt 00:00:07]} c5 {[%clk 01:30:57]} {[%emt
00:00:04]} 2. Nf3 {[%clk 01:31:15]} {[%emt 00:00:07]} Nc6 {[%clk 01:31:20]}
{[%emt 00:00:06]} 3. Bb5 {[%clk 01:31:43]} {[%emt 00:00:02]} g6 {[%clk
01:31:38]} {[%emt 00:00:12]} 4. O-O {[%clk 01:31:36]} {[%emt 00:00:37]} Bg7
{[%clk 01:32:03]} {[%emt 00:00:05]} 5. Re1 {[%clk 01:31:35]} {[%emt 00:00:30]}
Nf6 {[%clk 01:32:26]} {[%emt 00:00:07]} 6. Bxc6 {[%clk 01:31:05]} {[%emt
00:01:00]} dxc6 {[%clk 01:31:43]} {[%emt 00:01:14]} 7. e5 {[%clk 01:31:01]}
{[%emt 00:00:34]} Nd5 {[%clk 01:31:55]} {[%emt 00:00:17]} 8. d4 {[%clk
01:29:31]} {[%emt 00:02:02]} cxd4 {[%clk 01:25:50]} {[%emt 00:06:33]} 9. Nxd4
{[%clk 01:28:32]} {[%emt 00:01:31]} O-O {[%clk 01:20:27]} {[%emt 00:05:53]} 10.
c3 {[%clk 01:03:38]} {[%emt 00:25:24]} Nc7 {[%clk 01:14:54]} {[%emt 00:06:01]}
11. Qe2 {[%clk 00:49:22]} {[%emt 00:14:47]} Ne6 {[%clk 01:11:32]} {[%emt
00:03:52]} 12. Rd1 {[%clk 00:48:36]} {[%emt 00:01:16]} Qc7 {[%clk 01:09:26]}
{[%emt 00:02:36]} 13. f4 {[%clk 00:42:47]} {[%emt 00:06:20]} h5 {[%clk
01:06:04]} {[%emt 00:03:51]} 14. h3 {[%clk 00:31:15]} {[%emt 00:12:02]} Rd8
{[%clk 01:00:30]} {[%emt 00:06:04]} 15. Be3 {[%clk 00:30:58]} {[%emt 00:00:46]}
c5 {[%clk 00:58:39]} {[%emt 00:02:20]} 16. Nxe6 {[%clk 00:30:56]} {[%emt
00:00:32]} Bxe6 {[%clk 00:59:05]} {[%emt 00:00:03]} 17. Nd2 {[%clk 00:30:53]}
{[%emt 00:00:34]} b6 {[%clk 00:57:06]} {[%emt 00:02:29]} 18. Bf2 {[%clk
00:25:17]} {[%emt 00:06:05]} Rd7 {[%clk 00:56:10]} {[%emt 00:01:26]} 19. Nf1
{[%clk 00:23:50]} {[%emt 00:01:58]} Rad8 {[%clk 00:54:27]} {[%emt 00:02:12]}
20. Ne3 {[%clk 00:21:49]} {[%emt 00:02:33]} Rxd1+ {[%clk 00:53:32]} {[%emt
00:01:25]} 21. Rxd1 {[%clk 00:21:18]} {[%emt 00:01:02]} Rxd1+ {[%clk 00:51:35]}
{[%emt 00:02:26]} 22. Qxd1 {[%clk 00:21:40]} {[%emt 00:00:08]} Qd7 {[%clk
00:51:43]} {[%emt 00:00:22]} 23. Qxd7 {[%clk 00:20:40]} {[%emt 00:01:30]} Bxd7
{[%clk 00:52:10]} {[%emt 00:00:02]} 24. Bh4 {[%clk 00:20:28]} {[%emt 00:00:41]}
f6 {[%clk 00:50:24]} {[%emt 00:02:16]} 25. exf6 {[%clk 00:19:10]} {[%emt
00:01:50]} exf6 {[%clk 00:49:06]} {[%emt 00:01:47]} 26. Bg3 {[%clk 00:17:28]}
{[%emt 00:02:12]} f5 {[%clk 00:48:22]} {[%emt 00:01:15]} 27. Bh4 {[%clk
00:17:23]} {[%emt 00:00:33]} Be6 {[%clk 00:48:34]} {[%emt 00:00:19]} 28. a3
{[%clk 00:17:11]} {[%emt 00:00:42]} Kf7 {[%clk 00:48:08]} {[%emt 00:00:56]} 29.
Kf2 {[%clk 00:14:58]} {[%emt 00:02:44]} 1/2-1/2